000 00860nam a2200277 i 4500
001 16337
003 ES-MaACL
005 20250813060902.0
007 t|
008 000830s2000 sp ||||1| spa d
020 _a84-7844-490-4
080 _a133.5
100 0 _aHermes Trismegisto.
_962747
245 1 0 _aCorpus hermeticum y Asclepio /
_c[edición de] Brian P. Copenhaver ; traducción de Jaume Páortulas y Cristina Serna.
260 _aMadrid :
_bSiruela,
_c[2000]
300 _a475 p. ;
_c22 cm.
490 1 _aEl árbol del paraíso ;
_v20
650 1 4 _aHermetismo.
_913332
700 1 _aCopenhaver, Brian P.
_940409
700 1 _aPòrtulas, Jaume.
_993297
700 1 _aSerna, Cristina.
_9105567
740 0 _aAsclepio.
830 0 3 _aEl árbol del paraíso
_v20
_9179942
852 _aES-MaACL
_jL-23496
_bR.128512
999 _c16337
_d16337